Statistiques concernant Les 5 élections présidentielles françaises les plus serrées

Cliquez ici pour prendre le quiz!

Statistiques générales

  • Ce quiz a été pris 128 fois
  • Le résultat moyen est 4 sur 5

Statistiques - réponses

Score du vainqueurScore du vaincuVainqueur% Correct
50,81 %49,19 %Valéry Giscard d'Estaing (Contre François Mitterrand en 1974)
94%
51,64 %48,36 %François Hollande (Contre Nicolas Sarkozy en 2012)
90%
52,64 %47,36 %Jacques Chirac (Contre Lionel Jospin en 1995)
82%
51,76 %48,24 %François Mitterrand (Contre Valéry Giscard d'Estaing en 1981)
74%
53,06 %46,94 %Nicolas Sarkozy (Contre Ségolène Royal en 2007)
74%

Distribution des résultats

Percentile par nombre de réponses

% des personnes avec chaque résultat

Votre développement - résultats

Vous n’avez pas pris ce quiz